MARC details
| 000 -CABECERA |
| campo de control de longitud fija |
01858nam a2200241 a 4500 |
| 003 - IDENTIFICADOR DEL NÚMERO DE CONTROL |
| campo de control |
MX-MxUPN |
| 005 - FECHA Y HORA DE LA ÚLTIMA TRANSACCIÓN |
| campo de control |
20241113063725.0 |
| 007 - CAMPO FIJO DE DESCRIPCIÓN FÍSICA--INFORMACIÓN GENERAL |
| campo de control de longitud fija |
cr a |
| 008 - ELEMENTOS DE LONGITUD FIJA--INFORMACIÓN GENERAL |
| campo de control de longitud fija |
241112s2014 ||||fo|||| 000 0 spa d |
| 040 ## - FUENTE DE LA CATALOGACIÓN |
| Centro catalogador/agencia de origen |
MX-MxUPN |
| Lengua de catalogación |
spa |
| Centro/agencia transcriptor |
MX-MxUPN |
| 041 0# - CÓDIGO DE IDIOMA |
| Código de lengua del texto/banda sonora o título independiente |
spa |
| 050 14 - SIGNATURA TOPOGRÁFICA DE LA BIBLIOTECA DEL CONGRESO |
| Número de clasificación |
RA440.5 |
| 245 00 - MENCIÓN DE TÍTULO |
| Título |
Educación alimentaria y nutricional en el marco de la educación para la salud |
| Medio |
[recurso electrónico en línea] |
| 250 ## - MENCIÓN DE EDICIÓN |
| Mención de edición |
Primera edición. |
| 260 ## - PUBLICACIÓN, DISTRIBUCIÓN, ETC. |
| Lugar de publicación, distribución, etc. |
[Lugar de publicación no identificado] : |
| Nombre del editor, distribuidor, etc. |
Iniciativa Latinoamericana de Libros de Texto Abiertos, |
| Fecha de publicación, distribución, etc. |
2014. |
| 300 ## - DESCRIPCIÓN FÍSICA |
| Extensión |
1 recurso en línea (164 páginas) : |
| Otras características físicas |
PDF |
| 505 00 - NOTA DE CONTENIDO CON FORMATO PREESTABLECIDO |
| Título |
El nutricionista dietista como educador / |
| Mención de responsabilidad |
Isabel Cristina Carmona Garcés -- |
| Título |
Buenas prácticas en ICEAN / |
| Mención de responsabilidad |
Luisa Saravia -- |
| Título |
La planificación educativa / |
| Mención de responsabilidad |
Vanessa Miguel, Jaqueline Panvini y Mariano Fernández -- |
| Título |
Las Tecnologías de la Información y la Comunicación (TIC) y la Salud / |
| Mención de responsabilidad |
Vanessa Miguel, Jaqueline Panvini y Mariano Fernández -- |
| Título |
Diseño y gestión de proyectos de EAN / |
| Mención de responsabilidad |
Luisa Saravia -- |
| Título |
Modelos de comportamiento en salud y cambio de comportamiento / |
| Mención de responsabilidad |
Luisa Saravia, Ana Laura Meroni, Ana Ibáñez -- |
| Título |
La entrevista en la práctica profesional del nutricionista / |
| Mención de responsabilidad |
Ana Ibáñez y Luisa Saravia -- |
| Título |
Consejería Nutricional / |
| Mención de responsabilidad |
Jacqueline Panvini, Vanessa Miguel y Mariano Fernández -- |
| Título |
Adherencia al tratamiento nutricional en enfermedades crónicas / |
| Mención de responsabilidad |
Ana Ibáñez, Ana Laura Meroni y Luisa Saravia -- |
| Título |
Ética, antropología de la alimentación y educación / |
| Mención de responsabilidad |
María del Huerto Nari -- |
| Título |
Capacitación de funcionarios de servicios de alimentación y nutrición / |
| Mención de responsabilidad |
Elena Ongay Rossi y Griselda Rodríguez Muslera. |
| 506 0# - NOTA DE RESTRICCIONES AL ACCESO |
| Limitaciones de acceso |
Acceso abierto. |
| 650 #4 - ASIENTO SECUNDARIO DE MATERIA - TERMINO TEMATICO |
| Término de materia o nombre geográfico como elemento de entrada |
Educación para la salud |
| 9 (RLIN) |
5249 |
| 856 40 - LOCALIZACIÓN Y ACCESO ELECTRÓNICOS |
| Identificador Uniforme del Recurso |
<a href="http://hdl.handle.net/2133/17692">http://hdl.handle.net/2133/17692</a> |
| 902 ## - ELEMENTOS DE DATOS B LOCAL, LDB (RLIN) |
| Creó |
Víctor Ruiz/121124 |
| 942 ## - ELEMENTOS DE PUNTO DE ACCESO ADICIONAL (KOHA) |
| Fuente del sistema de clasificación o colocación |
Library of Congress Classification |
| Tipo de ítem Koha |
Libro Electrónico |